Datum a čas kvízu
30
Celkem bodů
Celkový počet nahraných bodů na tomto kvízu bez doplňovacích otázek.
6.
Pořadí na kvízu
Konečné umístění týmu na tomto kvízu.
Zaznamenané odpovědi
| # | Otázka | Odpověď | Body | Výsledky |
|---|---|---|---|---|
| 1. | Který vysoce postavený český p... | Petr Pavel | 0 | |
| 2. | Minulé úterý proběhla tiskem z... | v Maďarsku | 1 | |
| 3. | Minulý týden bylo oznámeno, že... | Bohumil Hrabal | 1 | |
| 4. | Minulý týden došlo v české ene... | Westinghouse | 0 | |
| 5. | Která česká tenistka získala n... | Petra Kvitová | 1 | |
| 6. | V tomto tématu bude vaším úkol... | Tři veteráni | 1 | |
| 7. | Vyberte jméno, které patří do... | A | 1 | |
| 8. | Seřaďte následující hlášky pod... | 1D 2B 3A 4C | 0 | |
| 9. | Věta „Děda je hodný, ale překá... | Na samotě u lesa, Komárek | 1 | |
| 10. | Dvěma slovy dokončete hlášku z... | horší cesta | 1 |